Dangerous animals / (Record no. 2306)

MARC details
000 -LEADER
fixed length control field 00809nam a22002417a 4500
005 - DATE AND TIME OF LATEST TRANSACTION
control field 20240705143922.0
020 ## - INTERNATIONAL STANDARD BOOK NUMBER
International Standard Book Number 9780545003957
040 ## - CATALOGING SOURCE
Original cataloging agency FISKH
Language of cataloging eng
Transcribing agency FISKH
Modifying agency FISKH
082 ## - DEWEY DECIMAL CLASSIFICATION NUMBER
Classification number 591.65
100 ## - MAIN ENTRY--PERSONAL NAME
Personal name Berger, Melvin
245 ## - TITLE STATEMENT
Title Dangerous animals /
Statement of responsibility, etc. By Melvin and Gilda Berger
250 ## - EDITION STATEMENT
Edition statement First printing, January 2009
260 ## - PUBLICATION, DISTRIBUTION, ETC.
Place of publication, distribution, etc. New York :
Name of publisher, distributor, etc. Scholastic,
Date of publication, distribution, etc. 2009
300 ## - PHYSICAL DESCRIPTION
Extent 46 pages :
Other physical details Color illustrations
Dimensions 23 cm
490 ## - SERIES STATEMENT
Series statement Scholastic true or false
505 ## - FORMATTED CONTENTS NOTE
Formatted contents note T
520 ## - SUMMARY, ETC.
Summary, etc. Asks readers a true-or-false question about the physical characteristics, diet, or behavior of dangerous animals that the reader can find the answer to by turning the page.
521 ## - TARGET AUDIENCE NOTE
Target audience note 850
Source Lexile
521 ## - TARGET AUDIENCE NOTE
Target audience note T
Source Raz-Plus
700 ## - ADDED ENTRY--PERSONAL NAME
Personal name Berger, Gilda
Relator term Coauthor
942 ## - ADDED ENTRY ELEMENTS (KOHA)
Source of classification or shelving scheme Dewey Decimal Classification
Koha item type Books
Suppress in OPAC No
999 ## -
-- 2306
-- 2306
Holdings
Withdrawn status Lost status Source of classification or shelving scheme Damaged status Not for loan Collection Home library Current library Shelving location Date acquired Total Checkouts Full call number Barcode Date last seen Copy number Price effective from Koha item type
    Dewey Decimal Classification     Non-Fiction Footprints International School Library Network Toul Kork Campus Footprints International School Library Network Toul Kork Campus   11/15/2023   BER 591.65 2023-0748 11/15/2023 1 11/15/2023 Books
    Dewey Decimal Classification     Non-Fiction Footprints International School Library Network Toul Kork Campus Footprints International School Library Network Toul Kork Campus TTP Secondary Non-Fiction Bookshelves 11/15/2023   BER 591.65 FISBK05618 02/16/2024 2 11/15/2023 Books
    Dewey Decimal Classification     Non-Fiction Footprints International School Library Network Toul Kork Campus Footprints International School Library Network Toul Kork Campus A TK Campus, 4th Floor, Room B401, Non-Fiction Bookcases(7-8) 07/05/2024   BER 591.65 PZ7 2024-0910 07/05/2024 3 07/05/2024 Books